Statistics for HSMTMTS who's who (beauty and the beast)

Click here to take the quiz!

General Stats

  • This quiz has been taken 71 times
  • The average score is 6 of 9

Answer Stats

HintAnswer% Correct
Rickythe beast
98%
AshleyBelle
93%
EJGaston
84%
NiniRose
65%
KoutneyMrs Potts
63%
SebChip
60%
CarlosLumiere
58%
Big RedLe Fou
40%
GinaBabette
28%

Score Distribution

Percentile by Number Answered

Percent of People with Each Score

Your Score History

You have not taken this quiz